Famous Primates Quiz Stats

 Plays Quiz not verified by Sporcle

Challenge
Share
Tweet
Embed
Score 0/21 Timer 06:00
0 Plays Today
% Correct
King Kong
55%
Donkey Kong
30%
Darwin
25%
Curious George
20%
Cheeta
15%
Bingo
15%
Diddy Kong
15%
Koko
15%
Ham
15%
Caesar
10%
Funky Kong
10%
% Correct
King Louie
5%
Magilla Gorilla
5%
Dixie Kong
5%
Dr Zaius
0%
Mr Teeny
0%
Mojo Jojo
0%
Andross
0%
Binti Jua
0%
Jambo
0%
Snowflake
0%

You're not logged in!

Compare scores with friends on all Sporcle quizzes.
Join for Free
OR
Log In

You Might Also Like...

Show Comments

Extras

Top Quizzes Today


Score Distribution

Your Account Isn't Verified!

In order to create a playlist on Sporcle, you need to verify the email address you used during registration. Go to your Sporcle Settings to finish the process.

Report this User

Report this user for behavior that violates our Community Guidelines.

Details: